000 00375nam a22001697a 4500
003 MACL
005 20150729175148.0
008 150729b xxu||||| |||| 00| 0 eng d
040 _cMACL
041 _aEnglish
082 _a340
100 _aT.S. Batra
_93371
245 _aAdministrative Law
260 _aDelhi
_bBookhive
_c1982
650 _aLaw
_93373
942 _2ddc
_cBK
999 _c50180
_d50180